00564cam a2200205 450000100060000000300080000600500170001400800390003103500200007004000320009004100080012208200180013010000250014824500440017326000460021730000210026335000120028450400200029665100420031625053BD-RjUL20211209050826.0140316t1971 ii 001 0 eng a(BD-RjUL) 25122 aDLCcDLCdDLCdBD-RjULbeng aeng04a954bCHU 19711 aChanda, Asok,d1902-10aUnder the Indian skyc[by] Asok Chanda. aBombay :bNachiketa Publications,cc1971. a232 p. ;c23 cm. aRs25.00 aincludes index. 0aIndiaxPolitics and governmenty1947-